000 01219cam a22003497a 4500
003 CHAP
005 20220329141951.0
008 981022d1986 in b r 00110 eng d
010 _a76396
011 _a77368
035 _a86974
040 _cCHAP
090 _aFolleto 15300
100 0 0 _aParoda, R.S.
_985654
245 1 0 _aPlant genetic resources :
_ban indian perspective
_c/by R.S. Paroda and R.K. Arora
260 _aNew Delhi, India :
_bNational Bureau of Plant Genetic Resources. Plant Exploration & Collection Division,
_c1986
300 _a34 p. :
_bcuadros ; mapas
410 2 _aNational Bureau of Plant Genetic Resources
490 0 _aScience monograph
_v; 10
590 _aBATCH-UPD
_b10
_c20130110
_lUCH01
_h1904
590 _aBATCH-UPD
_b10
_c20130410
_lUCH01
_h1232
590 _aBATCH-UPD
_b10
_c20130914
_lUCH01
_h1542
590 _aCONVERSION
_b10
_c20130109
_lUCH01
_h1342
650 1 4 _aGermoplasma.
_947766
650 1 4 _aRecursos genéticos.
_995078
810 0 0 _aNational Bureau of Plant Genetic Resources
_980310
830 0 0 _aScience monograph
_v; 10
_9103319
901 _aBK
905 _aAlejandra Carrasco M.
942 _cFOLL
949 _aFolleto 15300
_bBC
_cFOLL
_d869741
_eTS1
_i86974
_sb
999 _c76396
_d76396